|
|
|
|
| LEADER |
00000nam a22000007a 4500 |
| 005 |
20190930221352.0 |
| 007 |
cr|||| |||| |
| 008 |
190930s2019 mx |||||s|||| 00||0 spa d |
| 020 |
|
|
|a 9786139408849
|
| 035 |
|
|
|a 25389
|
| 040 |
|
|
|a vLex
|
| 090 |
|
|
|c 9672
|d 9672
|
| 100 |
1 |
|
|a Aguilar Garca̕, Ren ̌Alejandro
|
| 245 |
1 |
0 |
|a Derecho Internacional Econm̤ico y el caso de Mx̌ico
|h [Recurso electrn̤ico] /
|c Ren ̌Alejandro Aguilar Garca̕
|
| 256 |
|
|
|a Servicio en ln̕ea
|
| 260 |
|
|
|a Ciudad de Mx̌ico:
|b Editorial Acadm̌ica Espaǫla,
|c 2019
|
| 300 |
|
|
|a 1 recurso electrn̤ico
|
| 500 |
|
|
|a Esta obra la dividimos en tres capt̕ulos: en el capt̕ulo 1 nos referimos al Derecho Internacional Econm̤ico y la credibilidad polt̕ica; en el capt̕ulo 2 vemos los pas̕es en va̕s de desarrollo: el caso de Mx̌ico; y en el capt̕ulo 3 investigamos la falta de equidad econm̤ica en el Fondo Monetario Internacional y el Banco Mundial. En el capt̕ulo 1 analizamos: el Derecho Internacional Econm̤ico; el Nuevo Orden Econm̤ico Internacional; los Derechos Humanos y la credibilidad polt̕ica; y a los expertos de la Organizacin̤ de las Naciones Unidas y sus reportes. En el capt̕ulo 2 estudiamos: el desarrollo econm̤ico y los pas̕es atrasados; la deuda externa y deuda eterna; la privatizacin̤ y Mx̌ico; la equivocacin̤ del Tratado de Libre Comercio de Amřica del Norte de 1994; y los expertos del Banco Mundial y sus reportes. Por l︢timo, en el capt̕ulo 3 investigamos: el funcionamiento del sistema financiero internacional; la lucha contra la pobreza; ¿efectividad de la reaccin̤ sustantiva a las crt̕icas?; y los expertos del Fondo Monetario Internacional y sus reportes.
|
| 506 |
1 |
|
|a Disponible solo en los productos indicados
|d vLex Global
|d vLex Global (Academic Edition, excluding Law Schools)
|d vLex Global (U.S. Academic Edition, Law Schools)
|d vLex Global (U.S. Academic Edition, excluding Law Schools)
|d vLex Global (Academic Edition, Law Schools)
|
| 650 |
0 |
4 |
|a Derecho Internacional
|z Mx̌ico
|
| 740 |
0 |
|
|a vLex Libros (Servicio en ln̕ea)
|
| 856 |
4 |
0 |
|u http://vlex.com/source/25389
|z Acceso restringido
|
| 942 |
|
|
|c BOOK
|
| 999 |
0 |
|
|a International right
|